| 000 | 00410nam a22001697a 4500 | ||
|---|---|---|---|
| 003 | OSt | ||
| 005 | 20250324125646.0 | ||
| 007 | 814 pages | ||
| 008 | 250324b |||||||| |||| 00| 0 eng d | ||
| 020 | _a9789357461238 | ||
| 040 | _c | ||
| 082 |
_25 _a620.001 _bRAO |
||
| 245 |
_aEngineering Optimization: Theory and practice _cRao,Singiresu S |
||
| 250 | _a5 | ||
| 260 |
_bWiley _c2024 |
||
| 942 |
_2ddc _cBK _e5 _n0 |
||
| 999 |
_c36217 _d36217 |
||